000 00248nam a2200097Ia 4500
008 240331s9999 xx 000 0 und d
082 _bROB
100 _aRoberts, J. L
245 4 _aThe Glass Menagerie and a streetcar named desire :
_bnotes
942 _cL
999 _c3195
_d3195